00493nam a22000977a 4500008004100000050002700041100002700068245023200095260005400327300001400381210209b xxu||||| |||| 00| 0 eng d aGMB1269b.K56 2015 c.1 aKimani, Eunice Muthoni aAssessment of the influence of entrepreneurship training on succession planning in family-owned small and medium enterprisesba case of entrepreneurship training program offered by Strathmore University cEunice Muthoni Kimani  aKabarak, Nakuru, KenyabKabara University c2015  a73 leaves